Konštrukcia výfukových systémov pre osobné vozidlá so zážihovým motorom

Salvato in:
Dettagli Bibliografici
Autore principale: Rompf, Martin (Autore)
Altri autori: Petrák, Peter (Relatore della tesi)
Natura: Manoscritto Libro
Lingua:slovacco
Pubblicazione: 2015
Soggetti:
Accesso online:http://is.stuba.sk/zp/portal_zp.pl?podrobnosti=121817
Tags: Aggiungi Tag
Nessun Tag, puoi essere il primo ad aggiungerne!!

MARC

LEADER 00000ntm a22000003a 4500
001 stuzp52317
003 SK-STU
005 20160719154131.6
007 ta
008 150427s2015----xo-----f-mn---000-0-slo-d
040 |a STU  |b slo 
041 0 |a slo 
100 1 |a Rompf, Martin  |u 020030  |4 aut  |U SjF Strojnícka fakulta  |T SjF Ústav dopravnej techniky a konštruovania  |X 44397  |U J0030  |Y 806  |7 44397 
242 0 1 |a Construction of exhaust systems for personal vehicles with petrol engine  |y eng 
245 1 0 |a Konštrukcia výfukových systémov pre osobné vozidlá so zážihovým motorom 
260 |c 2015 
650 4 |a výfukový systém  |2 slo 
650 4 |a zážihový motor  |2 slo 
650 4 |a spotreba  |2 slo 
650 4 |a konštrukcia  |2 slo 
650 4 |a emisie  |2 slo 
650 4 |a katalyzátor  |2 slo 
650 4 |a recirkulácia  |2 slo 
650 4 |a exhaust system  |2 eng 
650 4 |a construction  |2 eng 
650 4 |a emmisions  |2 eng 
650 4 |a petrol engine  |2 eng 
650 4 |a consumption  |2 eng 
650 4 |a catalic converter  |2 eng 
650 4 |a recirculation  |2 eng 
700 1 |a Petrák, Peter  |4 ths  |X 2414  |7 A000002414 
856 4 |u http://is.stuba.sk/zp/portal_zp.pl?podrobnosti=121817 
996 |b 284J044206  |c J* 2496/BP  |l JJSK  |s A  |a 24  |w stuzp52317_0001 
SQL |a stuzp52317  |b DBP  |c SLO  |d Konštrukcia výfukových systémov pre osobné vozidlá so zážihovým motorom  |e 44397  |f Rompf, Martin  |g 020030  |h 2414  |i Petrák, Peter  |j 20150616  |k 43  |l 02  |m http://is.stuba.sk/zp/portal_zp.pl?podrobnosti=121817  |n B-ALSM  |o 5.2.4. motorové vozidlá, koľajové vozidlá, lode a lietadlá